| 000 | 00646nam a2200193 a 4500 | ||
|---|---|---|---|
| 005 | 20220921063530.0 | ||
| 008 | 991125s1995 es 000 0 spa u | ||
| 020 | _a8408016458 | ||
| 035 | _aUPN01000050008 | ||
| 049 | _aCG | ||
| 050 | 4 |
_aQB500 _bS2.68 |
|
| 100 | 1 |
_aSagan, Carl, _d1934-1996 _929894 |
|
| 245 | 1 | 3 |
_aUn punto azul pálido : _buna visión del futuro humano en el espacio / _cCarl Sagan ; tr. de Marina Widmer Caminal. |
| 260 |
_aBarcelona, Esp. : _bPlaneta, _c1995. |
||
| 300 |
_axviii, 429 p. : _bil. col. |
||
| 650 | 4 |
_aASTRONOMIA - _xTRABAJOS POPULARES _98098 |
|
| 650 | 7 |
_aEspacio exterior _xExploración _2 _98480 |
|
| 905 | _aLibro | ||
| 999 |
_c50008 _d50008 |
||